DEA analýza spoločností indexu Dow Jones Industrial Averge

Prezentácia výsledkov Dea analýzy spoločností tvoriacich index Dow Jones Industrial Averge.

Uložené v:
Podrobná bibliografia
Hlavný autor: Horvát, Peter
Ďalší autori: Ostrihoň, Filip
Médium: Kapitola
Jazyk:Slovak
Predmet:
Tagy: Pridať tag
Žiadne tagy, Buďte prvý, kto otaguje tento záznam!

MARC

LEADER 00000naa a2200000 4500
001 0171802
005 20240502072938.9
041 0 |a slo 
044 |a SK 
245 1 0 |a DEA analýza spoločností indexu Dow Jones Industrial Averge  |c Peter Horvát, Filip Ostrihoň 
520 |a Prezentácia výsledkov Dea analýzy spoločností tvoriacich index Dow Jones Industrial Averge. 
610 2 0 |a indexy burzové 
610 2 0 |a efektívnosť ekonomická 
610 2 0 |a USA 
610 2 0 |a ukazovatele finančné 
100 1 |a Horvát, Peter 
700 1 |a Ostrihoň, Filip